000 00328nam a2200133 i 4500
001 bg
100 1 _aŁĄCZKOWSKI, Ryszard
245 0 _aWibroakustyka maszyn i urządzeń /
_cRyszard Łączkowski.
260 _aWarszawa,
_c1983.
040 _cBPK
041 _apol
942 _cKS
008 s pl f |000 0 pol
999 _c22324
_d22324
856 _uhttp://koha.tu.koszalin.pl/cgi-bin/koha/opac-detail.pl?biblionumber=22324
_yKatalog online BPK